|
|
|
|
| LEADER |
00992nam a2200181Ia 4500 |
| 001 |
3438 |
| 008 |
170722s9999 xx 000 0 und d |
| 100 |
|
|
|a Damodaran Nair, P.
|
| 245 |
|
|
|a Anchu sahityakulapathikal /
|
| 260 |
|
|
|b S P C S ,
|c 1975.
|
| 300 |
|
|
|a 82 p.
|c 18cms
|
| 653 |
|
|
|a Biography,kerala
|
| 942 |
|
|
|c GEN
|
| 999 |
|
|
|c 91560
|d 91560
|
| 952 |
|
|
|0 0
|1 0
|4 0
|6 W_212N0_32L5KRL51L52L53KRG
|7 0
|8 KR
|9 128503
|a LIB
|b LIB
|d 2013-03-25
|o w212,N0 32L5(KR)-L5;1,L5;2,L5;3(KRG)
|p 166489
|r 2017-08-12
|v 4.00
|w 2017-08-12
|y GEN
|
| 952 |
|
|
|0 0
|1 0
|4 0
|6 W_212N0_32L5KRL51L52L53KRG
|7 0
|9 128504
|a LIB
|b LIB
|d 2017-08-12
|o w212,N0 32L5(KR)-L5;1,L5;2,L5;3(KRG)
|p 183405
|r 2017-08-12
|v 4.00
|w 2017-08-12
|y GEN
|
| 952 |
|
|
|0 0
|1 0
|4 0
|6 W_212N0_32L5KRL51L52L53KRG
|7 0
|9 128505
|a LIB
|b LIB
|d 2017-08-12
|o w212,N0 32L5(KR)-L5;1,L5;2,L5;3(KRG)
|p 183406
|r 2017-08-12
|v 4.00
|w 2017-08-12
|y GEN
|
| 952 |
|
|
|0 0
|1 0
|4 0
|6 W_212N0_32L5KRL51L52L53KRG
|7 0
|8 KRG
|9 128506
|a LIB
|b LIB
|d 2017-08-12
|o w212,N0 32L5(KR)-L5;1,L5;2,L5;3(KRG)
|p G12212
|r 2017-08-12
|v 4.00
|w 2017-08-12
|y GEN
|